Statistics for IndyCar 2023 Drivers

Click here to take the quiz!

General Stats

  • This quiz has been taken 94 times
    (85 since last reset)
  • The average score is 24 of 34

Answer Stats

TeamCountrySeasonDriver% Correct
Chip GanassiSwedenFullMarcus Ericsson
94%
McLarenMexicoFullPato O'Ward
92%
Chip GanassiNew ZealandFullScott Dixon
90%
Chip GanassiSpainFullÁlex Palou
88%
AndrettiFranceFullRomain Grosjean
88%
McLarenSwedenFullFelix Rosenqvist
85%
PenskeAustraliaFullWill Power
85%
PenskeUnited StatesFullJosef Newgarden
83%
McLarenUnited StatesFullAlexander Rossi
79%
Chip GanassiJapanPartialTakuma Sato
79%
Juncos HollingerUnited KingdomFullCallum Ilott
75%
RLLDenmarkFullChristian Lundgaard
75%
AndrettiUnited StatesFullColton Herta
75%
Ed CarpenterUnited StatesPartialEd Carpenter
73%
Ed CarpenterNetherlandsFullRinus VeeKay
73%
McLarenBrazilPartialTony Kanaan
73%
RLLUnited StatesFullGraham Rahal
71%
Ed CarpenterUnited StatesFullConor Daly
69%
Chip GanassiNew ZealandPartialMarcus Armstrong
69%
PenskeNew ZealandFullScott McLaughlin
69%
A.J. FoytUnited StatesFullSantino Ferrucci
67%
Meyer ShankFranceFullSimon Pagenaud
67%
Juncos HollingerArgentinaFullAgustín Canapino
65%
AndrettiUnited StatesFullKyle Kirkwood
65%
Meyer ShankBrazilFullHélio Castroneves
63%
RLLUnited KingdomFullJack Harvey
63%
AndrettiUnited StatesPartialMarco Andretti
63%
AndrettiCanadaFullDevlin DeFrancesco
58%
Dale CoyneUnited StatesFullString Ray Robb
58%
Dale CoyneUnited StatesFullDavid Malukas
50%
Dreyer & ReinboldUnited StatesPartialRyan Hunter-Reay
50%
RLLUnited KingdomPartialKatherine Legge
48%
A.J. FoytUnited StatesFullBenjamin Pedersen
46%
Dreyer & ReinboldUnited KingdomPartialStefan Wilson
42%

Score Distribution

Percentile by Number Answered

Percent of People with Each Score

Your Score History

You have not taken this quiz since the last reset